| 000 | 00380pab a2200145 454500 | ||
|---|---|---|---|
| 008 | 180718b2015 xxu||||| |||| 00| 0 eng d | ||
| 100 | _aRaimondi, Paolo | ||
| 245 | _aDevelopment and credit for building a new global order | ||
| 260 | _c2015 | ||
| 300 | _ap.24-40. | ||
| 362 | _aJul-Sep | ||
| 650 | _aInternational economic order | ||
| 773 | _aWorld Affairs | ||
| 909 | _a109433 | ||
| 999 |
_c109428 _d109428 |
||